000 00779cam a22002413a 4500
001 10703
003 PGUSA
005 20140828083228.0
008 040501s2004||||xxu|||||s|||||000 | eng d
040 _aPGUSA
_beng
042 _adc
050 4 _aDG
100 1 _aMommsen, Theodor,
_d1817-1903
245 1 4 _aThe History of Rome, Book III :
_bFrom the Union of Italy to the Subjugation of Carthage and the Greek States
_h[electronic resource] /
_cTheodor Mommsen
260 _bProject Gutenberg,
_c2004
506 _aPublic domain in the USA.
516 _aElectronic text
653 _aRome -- History
700 1 _aDickson, William P.
_q(William Purdie),
_d1823-1901
830 0 _aProject Gutenberg
_v10703
856 4 0 _uhttp://www.gutenberg.org/ebooks/10703
942 _cEB
999 _c239958
_d239958